Ex libris Л. В. Собинова (Запись № 13495273)

Подробности
000 -МАРКЕР
контрольное поле 02672nkm0a2200445 4500
001 - ИДЕНТИФИКАТОР ЗАПИСИ
контрольное поле RU\NLR\BIBL_A\022038035
005 - ИДЕНТИФИКАТОР ВЕРСИИ
контрольное поле 20260406094859.0
035 ## - ДРУГИЕ СИСТЕМНЫЕ НОМЕРА
Идентификатор записи (NLR Aleph) 022038035
100 ## - ДАННЫЕ ОБЩЕЙ ОБРАБОТКИ
Данные общей обработки 20230929d1919 u y0rusy50 ca
101 0# - ЯЗЫК РЕСУРСА
Язык текста, звукозаписи и т.д. латинский
-- русский
102 ## - СТРАНА ПУБЛИКАЦИИ ИЛИ ПРОИЗВОДСТВА
Страна публикации российская федерация
116 ## - ПОЛЕ КОДИРОВАННЫХ ДАННЫХ: ИЗОБРАЗИТЕЛЬНЫЕ МАТЕРИАЛЫ
Кодированные данные для изобразительных материалов. diyaxx zz zz
135 ## - ПОЛЕ КОДИРОВАННЫХ ДАННЫХ: ЭЛЕКТРОННЫЕ РЕСУРСЫ
Кодированные данные для электронного ресурса crcn 024anaba
181 #0 - ПОЛЕ КОДИРОВАННЫХ ДАННЫХ: ВИД СОДЕРЖАНИЯ
Код вида содержания (ISBD) b4
Код характеристики содержания (ISBD) xb2e
182 #0 - ПОЛЕ КОДИРОВАННЫХ ДАННЫХ: ТИП СРЕДСТВА
Код типа средства (ISBD) n - непосредственное
200 1# - ЗАГЛАВИЕ И СВЕДЕНИЯ ОБ ОТВЕТСТВЕННОСТИ
Основное заглавие Ex libris Л. В. Собинова
Сведения, относящиеся к заглавию [экслибрис]
203 ## - ВИД СОДЕРЖАНИЯ И ТИП СРЕДСТВА
Вид содержания Изображение
Дополнительные сведения об издании неподвижное
-- двухмерное
-- визуальное
Тип средства непосредственное
210 ## - ПУБЛИКАЦИЯ, РАСПРОСТРАНЕНИЕ И ДР.
Место издания, распространения и т.д. [Москва
Дата издания, распространения и т.д. 1919]
215 ## - ФИЗИЧЕСКАЯ ХАРАКТЕРИСТИКА
Специфическое обозначение материала и объем 1 л.
Другие сведения о физической характеристике фотомех. печ.
Размеры 8,5х7,1 ; 12,6х12,1
316 ## - ПРИМЕЧАНИЯ ОБ ОСОБЕННОСТЯХ ЭКЗЕМПЛЯРА
Текст примечания Экз. РНБ на шифре Э ЛерЭксЗ180/С541, Экс1818: из собрания М. Я. Лермана
Организация и экземпляр, к которому относится поле NLR: Э ЛерЭксЗ180/С541
325 ## - ПРИМЕЧАНИЕ О КОПИИ
Текст примечания Копия доступна в Электрон. б-ке РНБ
327 0# - ПРИМЕЧАНИЯ О СОДЕРЖАНИИ
Текст примечания Сидящая женская фигура с пронзённым стрелой сердцем, в пышном одеянии и с клавиром "Орфея" в руках
606 1# - НАИМЕНОВАНИЕ ТЕМЫ КАК ПРЕДМЕТ
Наименование темы Экслибрисы русские
Хронологический подзаголовок 20 в.
Системный номер авторитетной/нормативной записи 2532518
Идентификатор авторитетной/нормативной записи RU\NLR\AUTH\661499975
686 1# - ИНДЕКСЫ ДРУГИХ КЛАССИФИКАЦИЙ
Индекс Щ153(2Р=Рус)7-487
700 #1 - ИМЯ ЛИЦА - ПЕРВИЧНАЯ ОТВЕТСТВЕННОСТЬ
Код отношения Оформитель экслибриса
Графика поля Кириллица
Материалы, к которым относится поле rus
Начальный элемент ввода Зак
Часть имени, кроме начального элемента ввода Л. В.
Даты 1892-1980
Расширение инициалов личного имени Лев Васильевич
Системный номер авторитетной/нормативной записи 2641599
Идентификатор авторитетной/нормативной записи RU\NLR\AUTH\770273360
702 #1 - ИМЯ ЛИЦА - ВТОРИЧНАЯ ОТВЕТСТВЕННОСТЬ
Код отношения Объект посвящения
Графика поля Кириллица
Материалы, к которым относится поле rus
Начальный элемент ввода Собинов
Часть имени, кроме начального элемента ввода Л. В.
Даты 1872-1934
Расширение инициалов личного имени Леонид Витальевич
Идентификатор авторитетной/нормативной записи RU\NLR\AUTH\770287277
Системный номер авторитетной/нормативной записи 2688408
702 #1 - ИМЯ ЛИЦА - ВТОРИЧНАЯ ОТВЕТСТВЕННОСТЬ
Код отношения Бывший владелец
Графика поля Кириллица
Материалы, к которым относится поле rus
Начальный элемент ввода Лерман
Часть имени, кроме начального элемента ввода М. Я.
Даты 1884-1942
Расширение инициалов личного имени Михаил Яковлевич
Системный номер авторитетной/нормативной записи 253728
Идентификатор авторитетной/нормативной записи RU\NLR\AUTH\770253784
830 ## - ОБЩЕЕ ПРИМЕЧАНИЕ, СОСТАВЛЕННОЕ КАТАЛОГИЗАТОРОМ
Текст примечания Источник датировки и сведений о владельце: Розенбладт Е. А. Художественные экслибрисы частных лиц России, а также экслибрисы, выполненные для иностранцев, причастных к нашей истории, в XIX –первой половине XX века. (Наш коллекционный эвр). СПб., 2014. С. 557. ОМ ОЭФ
852 00 - МЕСТОНАХОЖДЕНИЕ И ШИФР ХРАНЕНИЯ
Идентификатор организации NLR
Наименование фонда или коллекции (Sub-Location Identifier) Э
Шифр хранения (Call Number) ЛерЭксЗ180/С541
Идентификатор единицы Экс1818
856 #0 - МЕСТОНАХОЖДЕНИЕ ЭЛЕКТРОННЫХ РЕСУРОВ И ДОСТУП К НИМ
Универсальный идентификатор ресурса (Uniform Resource Identifier) https://vivaldi.nlr.ru/lp500006407/view
856 #1 - МЕСТОНАХОЖДЕНИЕ ЭЛЕКТРОННЫХ РЕСУРОВ И ДОСТУП К НИМ
Универсальный идентификатор ресурса (Uniform Resource Identifier) https://vivaldi.nlr.ru/lp500006407/cover
856 #2 - МЕСТОНАХОЖДЕНИЕ ЭЛЕКТРОННЫХ РЕСУРОВ И ДОСТУП К НИМ
Универсальный идентификатор ресурса (Uniform Resource Identifier) https://vivaldi.nlr.ru/lp500006407/text
942 ## - ДОПОЛНИТЕЛЬНЫЕ ЭЛЕМЕНТЫ ЗАПИСИ (АБИС)
Тип экземпляра АБИС Визуальный материал
980 ## - КОЛЛЕКЦИЯ
Название коллекции Национальная библиография
981 17 - КОЛЛЕКЦИЯ ЭЛЕКТРОННОЙ БИБЛИОТЕКИ
Название коллекции Изографические материалы
Название подколлекции Экслибрисы

Нет доступных экземпляров.